| 000 | 00630nam a2200217Ia 4500 | ||
|---|---|---|---|
| 999 |
_c7581 _d7581 |
||
| 001 | 21368526 | ||
| 003 | OSt | ||
| 005 | 20190213161701.0 | ||
| 008 | 900413q19001990txu 001 0 eng d | ||
| 040 |
_aCDC _cCDC |
||
| 082 |
_a234.7 _bB561J |
||
| 092 |
_a234.7 _bB561J |
||
| 100 | 1 | _aBest, W. E | |
| 245 | 1 | 0 |
_aJustification before God (not by faith) / _cby W.E. Best |
| 260 |
_aHouston, Tex. (P.O. Box 34904, Houston 77234) : _bSouth Belt Assembly of Christ, _c[19--?] |
||
| 300 |
_a100 p. ; _c22 cm |
||
| 500 | _aIncludes scripture index | ||
| 650 | 0 | _aJustification (Christian theology) | |
| 650 | 0 | _aFaith | |
| 942 |
_2ddc _cBK |
||